Gravity drainage systems for buildings (Record no. 110014)

MARC details
000 -LEADER
fixed length control field 00935cam a22002535a 4500
001 - CONTROL NUMBER
control field E148349
008 - FIXED-LENGTH DATA ELEMENTS--GENERAL INFORMATION
fixed length control field 090908s2009 xxka f 000 0 eng u
020 ## - INTERNATIONAL STANDARD BOOK NUMBER
International Standard Book Number 9781848061026
035 ## - SYSTEM CONTROL NUMBER
System control number (Sirsi) u148349
041 0# - LANGUAGE CODE
Language code of text/sound track or separate title eng
050 04 - LIBRARY OF CONGRESS CALL NUMBER
Classification number 628.24 $2 18
100 1# - MAIN ENTRY--PERSONAL NAME
Personal name Trotman, Peter
245 ## - TITLE STATEMENT
Title Gravity drainage systems for buildings
260 ## - PUBLICATION, DISTRIBUTION, ETC.
Place of publication, distribution, etc. Watford
Name of publisher, distributor, etc. IHS BRE
Date of publication, distribution, etc. 2009
300 ## - PHYSICAL DESCRIPTION
Extent 12p.
Other physical details ill.
Dimensions 30cm.
490 #0 - SERIES STATEMENT
Series statement BRE Good Building Guide
Volume/sequential designation GBG 76
520 ## - SUMMARY, ETC.
Summary, etc. Discusses above-ground drainage systems in houses, office buildings and public buildings. Looks at performance requirements of such systems, the types of systems available, installation, maintenance and inspection.
521 ## - TARGET AUDIENCE NOTE
Target audience note Advanced
590 ## - LOCAL NOTE (RLIN)
Local note KA
651 #4 - SUBJECT ADDED ENTRY--GEOGRAPHIC NAME
Geographic name United Kingdom
Chronological subdivision
690 ## - LOCAL SUBJECT ADDED ENTRY--TOPICAL TERM (OCLC, RLIN)
Topical term or geographic name as entry element BUILT ENVIRONMENT-BUILDING ELEMENTS-COMPLETE BUILDING SERVICES ELEMENTS-COMPLETE WASTE REMOVAL AND DISPOSAL SYSTEMS
700 1# - ADDED ENTRY--PERSONAL NAME
Personal name Griggs, John
942 ## - ADDED ENTRY ELEMENTS (KOHA)
Suppress in OPAC 0
Holdings
Withdrawn status Lost status Source of classification or shelving scheme Damaged status Not for loan Home library Current library Shelving location Date acquired Total Checkouts Full call number Barcode Date last seen Copy number Price effective from Koha item type
    Dewey Decimal Classification     London London BRE publications 23/09/2009   BRE 30077200 06/08/2019 1 06/08/2019 Book